| 000 | 00555nam a22001337a 4500 | ||
|---|---|---|---|
| 008 | 090306t xxu||||| |||| 00| 0 eng d | ||
| 050 |
_aBV1488 _b.L54 1997 |
||
| 245 |
_aLifelong learning: _ba guide to adult education in the church _cedited by Rebecca Grothe |
||
| 260 |
_aMinneapolis _bAugsburgh _c1997 |
||
| 300 |
_a237 p.; _c23cm. |
||
| 650 | _bChristian education of adults | ||
| 942 |
_2lcc _cBK |
||
| 999 |
_c33689 _d33689 |
||